| 000 | 00698nam a2200241Ia 4500 | ||
|---|---|---|---|
| 008 | 160216s9999 xx 000 0 und d | ||
| 020 | _a971-08-6311-8 | ||
| 050 | _aFIL H 61.15 | ||
| 050 | _b.B38 2002 | ||
| 100 | _aBauzon, Prisciliano T. | ||
| 245 | _aHandbook in social philosophy : | ||
| 245 | _bwith review materials in social philosophy and philosophy of education for the LET / | ||
| 245 | _cPrisciliano T. Bauzon. | ||
| 260 | _aMandaluyong: | ||
| 260 | _bNational Book Store, | ||
| 260 | _c2008 | ||
| 300 | _a209 pages : | ||
| 300 | _bill. ; | ||
| 300 | _c23 cm. | ||
| 500 | _aIncludes bibliographical references. | ||
| 650 | _aSocial sciences -- | ||
| 650 | _xPhilosophy. | ||
| 999 |
_c290987 _d290987 |
||